Vista normal
Vista MARC
Entrada Materia (personas)
Número de registros utilizados en: 10
001 - CONTROL NUMBER
- control field: 70129
003 - CONTROL NUMBER IDENTIFIER
- control field: Co-BoUCM
005 - DATE AND TIME OF LATEST TRANSACTION
- control field: 20150721083050.0
008 - FIXED-LENGTH DATA ELEMENTS
- fixed length control field: 150721|| aca||aabn | a|a d
040 ## - CATALOGING SOURCE
- Original cataloging agency: Co-BoUCM
- Transcribing agency: Co-BoUCM
100 ## - HEADING--PERSONAL NAME
- Personal name: Debbasch, Charles
670 ## - SOURCE DATA FOUND
- Source citation: Work cat.: (Co-BoUCM)3413: Debbasch, Charles, Diccionario de términos políticos , 1985